Vplyv intenzívneho výkrmu na acidobázické pomery v krvi jahniat

Bibliographic Details
Main Authors: Skalka, Jozef, starší (Author), Vrzgula, Leopold, 1927-2013 (Author)
Format: Article
Language:Slovak
PhysicalDescription:Tb. 1. Res. rus., angl.
Subjects:

MARC

LEADER 00000nab a2200000 a 4500
001 vtls000083141
003 SK-MaSNL
005 20260303031950.0
008 111031c1980 xo 0 slo
015 |a SNBRA19rr/mm-uuuuu 
035 |a CL0093243 
040 |a SNKBUCL  |b slo  |c SNKBUCL  |e AACR2 
041 0 |a slo 
044 |a xo  |c SK 
080 |a 636.3  |2 1981 
080 |a 591.1  |2 1981 
080 |a 636.08  |2 1981 
100 1 |a Skalka, Jozef,  |c starší  |4 aut  |9 196326 
245 1 0 |a Vplyv intenzívneho výkrmu na acidobázické pomery v krvi jahniat  |c J. Skalka, L. Vrzgula 
300 |b Tb. 1. Res. rus., angl. 
650 0 7 |a jahňatá  |2 snkbucl  |9 18591 
655 7 |a články zo zborníkov  |2 snkbucl  |9 166140 
700 1 |a Vrzgula, Leopold,  |d 1927-2013  |4 aut  |9 203765 
773 0 |t Zborník vedeckých prác Ústavu experimentálnej veterinárnej medicíny v Košiciach 3  |d Košice : Východoslovenské vydavateľstvo, 1980  |g S. 101-106 
850 |a Slovenská národná knižnica v Martine  |a MTA001 
852 |a SNK  |b KIS3GCP 
958 |a RK 
992 |a RZB 
999 |c 1661413  |d 1663343